Geospatial aspects of catchment hydrology: where water flows into mapping (Record no. 74663)

MARC details
000 -LEADER
fixed length control field 00848cab a2200229 4500
001 - CONTROL NUMBER
control field ABS68539
008 - FIXED-LENGTH DATA ELEMENTS--GENERAL INFORMATION
fixed length control field 041213n2004 000 0 eng u
035 ## - SYSTEM CONTROL NUMBER
System control number (Sirsi) u128281
100 ## - MAIN ENTRY--PERSONAL NAME
Personal name Holden, J.
245 ## - TITLE STATEMENT
Title Geospatial aspects of catchment hydrology: where water flows into mapping
260 ## - PUBLICATION, DISTRIBUTION, ETC.
Date of publication, distribution, etc. 2004
490 ## - SERIES STATEMENT
Series statement Geo Informatics
Volume/sequential designation 7(7) October/November 2004, 22-25(3)
520 ## - SUMMARY, ETC.
Summary, etc. Describes some basic principles of catchment hydrology and illustrates how determining spatial factors is fundamental for understanding how environmental change may impact on runoff production and resulting river flow. [Taken from journal abstract].
590 ## - LOCAL NOTE (RLIN)
Local note ABS
650 ## - SUBJECT ADDED ENTRY--TOPICAL TERM
Topical term or geographic name entry element HYDROLOGY
650 ## - SUBJECT ADDED ENTRY--TOPICAL TERM
Topical term or geographic name entry element MAPPING
650 ## - SUBJECT ADDED ENTRY--TOPICAL TERM
Topical term or geographic name entry element WATER FLOW
650 ## - SUBJECT ADDED ENTRY--TOPICAL TERM
Topical term or geographic name entry element DRAINAGE
650 ## - SUBJECT ADDED ENTRY--TOPICAL TERM
Topical term or geographic name entry element RUN-OFF
690 ## - LOCAL SUBJECT ADDED ENTRY--TOPICAL TERM (OCLC, RLIN)
Topical term or geographic name as entry element GEOMATICS-HYDROGRAPHIC SURVEYING
942 ## - ADDED ENTRY ELEMENTS (KOHA)
Suppress in OPAC 0
Holdings
Withdrawn status Lost status Source of classification or shelving scheme Damaged status Not for loan Home library Current library Shelving location Date acquired Total Checkouts Full call number Barcode Date last seen Copy number Price effective from Koha item type
    Dewey Decimal Classification     London London Journal article 13/12/2004   ABS68539 128281-1001 06/08/2019 1 06/08/2019 Journal article